| 000 | 00774cab a22001935a 4500 | ||
|---|---|---|---|
| 001 | L153827 | ||
| 008 | 110912s2011 xxka f 000 0 eng d | ||
| 035 | _a(Sirsi) u153827 | ||
| 041 | 0 | _aeng | |
| 100 | 1 | _aHallam, Chris | |
| 245 | 0 | 2 |
_aA compliance headache? _bthe Bribery Act in practice |
| 260 | _c2011 | ||
| 490 |
_aCivil Engineering Surveyor _vSeptember 2011, 30-31(2) |
||
| 520 | _aExamines the challenges presented by the Bribery Act; asks when does corporate hospitality become unacceptable; and if an organisation is doing business abroad, how does it manage the risks of demands being made for facilitation payments? | ||
| 651 | 4 |
_aUnited Kingdom _y |
|
| 690 | _aMANAGEMENT-BUSINESS MANAGEMENT-PROFESSIONAL PRACTICE | ||
| 700 | 1 | _aMcInnes, Neil | |
| 942 | _n0 | ||
| 999 |
_c83391 _d83391 |
||